[Event "Wch Juvenil 2013 sub-14"]
[Site "Al-Ain UAE"]
[Date "2013.12.19"]
[Round "2.3"]
[White "Valkama, Arvo"]
[Black "Graif, William"]
[Result "0-1"]
[WhiteElo "1481"]
[BlackElo "1851"]
[PlyCount "108"]
[EventDate "2013.12.19"]
[EventType "swiss"]
[EventRounds "11"]
[EventCountry "UAE"]
[Source "lmi"]
[SourceDate "2013.12.19"]

1. e4 c5 2. Nf3 d6 3. Bb5+ Bd7 4. Bxd7+ Nxd7 5. O-O Ngf6 6. Qe2 g6 7. c3 Bg7 8.
Rd1 Qc7 9. d4 O-O 10. Nbd2 cxd4 11. cxd4 Qc2 12. d5 Nh5 13. Ne1 Nf4 14. Nxc2
Nxe2+ 15. Kf1 Rfc8 16. Ne3 Nxc1 17. Raxc1 Rxc1 18. Rxc1 Bxb2 19. Rb1 Bc3 20.
Ndc4 Nc5 21. f3 Rb8 22. Ke2 b5 23. f4 Nxe4 24. f5 Bd4 25. Kf3 Nc3 26. Rb3 Rc8
27. Na5 Bxe3 28. Kxe3 Nxd5+ 29. Ke4 Nc3+ 30. Kf4 gxf5 31. Kxf5 Rc5+ 32. Kg4
Nxa2 33. Rb2 Nc3 34. Nb3 Na4 35. Rb1 Rc4+ 36. Kh3 Rb4 37. g3 Nc5 38. Re1 Rxb3
39. Rxe7 a5 40. Kh4 a4 41. Kh5 Kf8 42. Ra7 a3 43. Kg5 Na4 44. Kf6 Rf3+ 45. Kg5
a2 46. Ra8+ Ke7 47. Ra7+ Ke6 48. Ra8 a1=Q 49. Re8+ Kd7 50. Ra8 Qg7+ 51. Kh4 h5
52. Ra7+ Ke6 53. Re7+ Kxe7 54. Kxh5 Rf6 0-1

[Event "Wch Juvenil 2013 sub-14"]
[Site "Al-Ain UAE"]
[Date "2013.12.19"]
[Round "2.4"]
[White "Rambaldi, Francesco"]
[Black "Nigmatov, Ortik"]
[Result "1-0"]
[WhiteElo "2385"]
[BlackElo "2023"]
[PlyCount "87"]
[EventDate "2013.12.19"]
[EventType "swiss"]
[EventRounds "11"]
[EventCountry "UAE"]
[Source "lmi"]
[SourceDate "2013.12.19"]

1. d4 Nf6 2. Nf3 g6 3. Bf4 Bg7 4. e3 d5 5. h3 O-O 6. Be2 c5 7. c3 cxd4 8. exd4
Qb6 9. Qb3 Nbd7 10. O-O Qxb3 11. axb3 b6 12. Re1 Bb7 13. Ba6 Bxa6 14. Rxa6 Ne4
15. Nbd2 Nxd2 16. Nxd2 e5 17. Bxe5 Bxe5 18. dxe5 Rfe8 19. Nf3 Nc5 20. Ra3 a5
21. Rd1 Rad8 22. b4 Nb7 23. Rb3 Rd7 24. bxa5 bxa5 25. Rb5 Red8 26. Nd4 Re8 27.
f4 Rc8 28. Nc2 Rc5 29. Rxc5 Nxc5 30. Ne3 Na4 31. Nxd5 Kg7 32. Ra1 Nc5 33. Rxa5
Rxd5 34. Kh2 Rd2 35. Rxc5 Rxb2 36. Rc7 Kf8 37. Kg3 Rc2 38. Kf3 h5 39. g4 hxg4+
40. hxg4 Rc1 41. f5 Re1 42. Kf4 gxf5 43. gxf5 Ke8 44. c4 1-0

[Event "Wch Juvenil 2013 sub-14"]
[Site "Al-Ain UAE"]
[Date "2013.12.19"]
[Round "2.5"]
[White "Santos Ruiz, Miguel"]
[Black "Sevgi, Volkan"]
[Result "1-0"]
[WhiteElo "2307"]
[BlackElo "2007"]
[PlyCount "96"]
[EventDate "2013.12.19"]
[EventType "swiss"]
[EventRounds "11"]
[EventCountry "UAE"]
[Source "lmi"]
[SourceDate "2013.12.19"]

1. Nf3 d5 2. c4 c6 3. e3 Nf6 4. Nc3 Nbd7 5. Qc2 e6 6. b3 Bd6 7. Bb2 a6 8. Rg1
Qe7 9. g4 h6 10. h4 g5 11. hxg5 hxg5 12. cxd5 cxd5 13. Nxg5 Rg8 14. f4 e5 15.
O-O-O b5 16. Kb1 Nb6 17. fxe5 Bxe5 18. Nf3 Bd6 19. g5 Nfd7 20. Qh7 Rf8 21. g6
fxg6 22. Qxg6+ Kd8 23. Nd4 Ne5 24. Qh6 Ra7 25. Rg7 Qxg7 26. Qxd6+ Ke8 27. Qxb6
Qg6+ 28. Qxg6+ Nxg6 29. Nxd5 Bb7 30. Nc7+ Kd7 31. Bh3+ Kxc7 32. Ne6+ Kb8 33.
Nxf8 Nxf8 34. Be5+ Ka8 35. Bf5 Bd5 36. Rc1 Rf7 37. e4 Be6 38. Bxe6 Nxe6 39.
Rc8+ Kb7 40. Re8 Ng5 41. Bc3 Kc6 42. Kc2 Rc7 43. a3 Kd7 44. Re5 Nf3 45. Rd5+
Ke6 46. Kd1 Ng1 47. Rg5 Nh3 48. Rg6+ Kf7 1-0

[Event "Wch Juvenil 2013 sub-14"]
[Site "Al-Ain UAE"]
[Date "2013.12.19"]
[Round "2.5"]
[White "Zisiadis, Dimitrios"]
[Black "Hoon, Gideon Jakobus"]
[Result "1-0"]
[WhiteElo "1827"]
[BlackElo "1569"]
[PlyCount "75"]
[EventDate "2013.12.19"]
[EventType "swiss"]
[EventRounds "11"]
[EventCountry "UAE"]
[Source "lmi"]
[SourceDate "2013.12.19"]

1. d4 d5 2. c4 c6 3. Nf3 e6 4. g3 Nf6 5. Bg2 Nbd7 6. Nbd2 Bd6 7. b3 O-O 8. Bb2
Bc7 9. Qc2 Re8 10. Ne5 Nf8 11. O-O N6d7 12. f4 f6 13. Nd3 Qe7 14. e4 dxe4 15.
Nxe4 Bb6 16. Kh1 Ng6 17. Rae1 Ndf8 18. Bc3 a5 19. Qb2 Rd8 20. d5 cxd5 21. cxd5
f5 22. Nd2 Qd7 23. Nc4 Bc7 24. Nc5 Qf7 25. dxe6 Nxe6 26. Nxb7 Bxb7 27. Bxb7
Rab8 28. Bc6 Ne7 29. Qg2 Nxc6 30. Qxc6 Nd4 31. Qc5 Rd5 32. Qe7 Re8 33. Qxe8+
Qxe8 34. Rxe8+ Kf7 35. Rfe1 Nc6 36. Rc8 Rd7 37. Ne5+ Bxe5 38. fxe5 1-0

[Event "Wch Juvenil 2013 sub-14"]
[Site "Al-Ain UAE"]
[Date "2013.12.19"]
[Round "2.6"]
[White "Fawzy, Adham"]
[Black "Visakh, Nr"]
[Result "0-1"]
[WhiteElo "2013"]
[BlackElo "2303"]
[PlyCount "65"]
[EventDate "2013.12.19"]
[EventType "swiss"]
[EventRounds "11"]
[EventCountry "UAE"]
[Source "lmi"]
[SourceDate "2013.12.19"]

1. e4 e5 2. Nf3 Nc6 3. Bb5 a6 4. Ba4 d6 5. c4 Bd7 6. Nc3 Nd4 7. Nxd4 exd4 8.
Ne2 c5 9. d3 Qa5+ 10. Bd2 Qxa4 11. b3 Qc6 12. O-O Nf6 13. f4 Be7 14. f5 Qc7 15.
Nf4 Bc6 16. g4 h6 17. Be1 Nd7 18. Bg3 Ne5 19. Nh5 Rg8 20. Bf4 O-O-O 21. Qe2 Bd7
22. Ng3 Kb8 23. a3 Bg5 24. Bxg5 hxg5 25. h3 Rh8 26. Kg2 g6 27. Rh1 gxf5 28.
gxf5 Rh4 29. b4 Rg8 30. Rag1 g4 31. hxg4 Rhxg4 32. Kf2 Rf4+ 33. Ke1 0-1

[Event "Wch Juvenil 2013 sub-14"]
[Site "Al-Ain UAE"]
[Date "2013.12.19"]
[Round "2.6"]
[White "Tello Chavez, Isaac Valent"]
[Black "Mohamed, Marshool"]
[Result "1-0"]
[WhiteElo "1823"]
[BlackElo "1557"]
[PlyCount "43"]
[EventDate "2013.12.19"]
[EventType "swiss"]
[EventRounds "11"]
[EventCountry "UAE"]
[Source "lmi"]
[SourceDate "2013.12.19"]

1. d4 Nf6 2. Nf3 d6 3. Bf4 Nbd7 4. e3 c6 5. h3 Qc7 6. Be2 e5 7. Bh2 Be7 8. O-O
O-O 9. c4 Re8 10. Nc3 Bf8 11. b4 a6 12. a4 b6 13. c5 Bb7 14. Rb1 Rad8 15. Qb3
b5 16. axb5 axb5 17. Ng5 d5 18. Nf3 Qc8 19. dxe5 Ne4 20. Nxe4 dxe4 21. Ng5 Re7
22. Bg4 1-0

[Event "Wch Juvenil 2013 sub-14"]
[Site "Al-Ain UAE"]
[Date "2013.12.19"]
[Round "2.7"]
[White "Mouthuy, Jacky-Long"]
[Black "Mayed, Al-Rashedi"]
[Result "0-1"]
[WhiteElo "1388"]
[BlackElo "1820"]
[PlyCount "116"]
[EventDate "2013.12.19"]
[EventType "swiss"]
[EventRounds "11"]
[EventCountry "UAE"]
[Source "lmi"]
[SourceDate "2013.12.19"]

1. e4 e5 2. Nf3 Nc6 3. Bc4 Nf6 4. d4 exd4 5. Ng5 d5 6. exd5 Na5 7. Qxd4 Nxc4 8.
Qxc4 Qxd5 9. Qxd5 Nxd5 10. O-O Bd6 11. Re1+ Kf8 12. c4 Nb4 13. Re2 Bf5 14. Na3
f6 15. Ne4 Re8 16. f3 Bxe4 17. Rxe4 Rxe4 18. fxe4 Nd3 19. Nb5 Bc5+ 20. Kf1 c6
21. Nc3 Kf7 22. Ke2 Rd8 23. b3 Nxc1+ 24. Rxc1 Ke6 25. Rc2 Ke5 26. g3 Bb4 27.
Ke3 Rd4 28. Ke2 Bxc3 29. Rxc3 Rxe4+ 30. Kf2 Kd4 31. Rf3 Re5 32. h3 a5 33. g4 a4
34. Rf4+ Kc3 35. Rf3+ Kb2 36. bxa4 Kxa2 37. Rd3 Re7 38. c5 Kb2 39. a5 Kc2 40.
Rd4 Kc3 41. Rd1 Kb4 42. Rc1 Kxa5 43. Rb1 Ka6 44. Kf3 Ka7 45. h4 Kb8 46. Kf4 g6
47. Rd1 Kc7 48. Rd6 Rf7 49. Ke4 b6 50. Kd4 bxc5+ 51. Kxc5 f5 52. Rd4 fxg4 53.
Rxg4 Rf5+ 54. Kc4 c5 55. Re4 Kd6 56. Rg4 Ke6 57. Re4+ Kf6 58. Rg4 h6 0-1

[Event "Wch Juvenil 2013 sub-14"]
[Site "Al-Ain UAE"]
[Date "2013.12.19"]
[Round "2.7"]
[White "Papadopoulos, Argirios"]
[Black "Tokranovs, Dmitrijs"]
[Result "1-0"]
[WhiteElo "2005"]
[BlackElo "2273"]
[PlyCount "79"]
[EventDate "2013.12.19"]
[EventType "swiss"]
[EventRounds "11"]
[EventCountry "UAE"]
[Source "lmi"]
[SourceDate "2013.12.19"]

1. e4 e6 2. d4 d5 3. e5 c5 4. c3 Qb6 5. Nf3 Bd7 6. Bd3 Bb5 7. dxc5 Bxc5 8. b4
Bxd3 9. Qxd3 Be7 10. a4 a5 11. Be3 Qc7 12. Qb5+ Nd7 13. O-O Nh6 14. Rc1 Nf5 15.
Bf4 O-O 16. Nbd2 Ra6 17. Nb3 Rb6 18. Qd3 g5 19. Nxg5 Bxg5 20. Bxg5 Nxe5 21. Qe2
f6 22. Bf4 axb4 23. cxb4 Qd6 24. b5 Qb4 25. Bxe5 fxe5 26. Nc5 Nd4 27. Qxe5 Qd2
28. Rf1 Rf5 29. Qb8+ Rf8 30. Qg3+ Kh8 31. Qe5+ Kg8 32. Nd7 Rf5 33. Qb8+ Kf7 34.
Qf8+ Kg6 35. Qg8+ Kh6 36. Nxb6 Qf4 37. Ra3 Rh5 38. Rh3 Nf3+ 39. gxf3 Rxh3 40.
Qxe6+ 1-0

[Event "Wch Juvenil 2013 sub-14"]
[Site "Al-Ain UAE"]
[Date "2013.12.19"]
[Round "2.8"]
[White "Baterdene, Tsogbayar"]
[Black "Vaitsiakhouski, Yauheni"]
[Result "1-0"]
[WhiteElo "1816"]
[BlackElo "1540"]
[PlyCount "121"]
[EventDate "2013.12.19"]
[EventType "swiss"]
[EventRounds "11"]
[EventCountry "UAE"]
[Source "lmi"]
[SourceDate "2013.12.19"]

1. e4 e6 2. d4 d5 3. Nd2 c5 4. exd5 Qxd5 5. Ngf3 cxd4 6. Bc4 Qd6 7. O-O Nc6 8.
Nb3 Nf6 9. Nbxd4 Nxd4 10. Nxd4 a6 11. c3 Qc7 12. Bd3 Bd6 13. h3 O-O 14. Qf3 Bd7
15. Bg5 Bh2+ 16. Kh1 Be5 17. Rae1 h6 18. Bh4 Bxd4 19. cxd4 Bc6 20. Qe2 Qf4 21.
Bg3 Qxd4 22. Rd1 Qa4 23. b3 Qa5 24. Be5 Nd7 25. Bd6 Rfe8 26. b4 Qg5 27. f4 Qh4
28. Be4 Bb5 29. Qf2 Qxf2 30. Rxf2 Ra7 31. Rc1 Nf6 32. Bf3 Nd5 33. Rd2 Bc6 34.
f5 Rd8 35. Bc7 Rd7 36. fxe6 fxe6 37. Bg4 Kf7 38. Rf1+ Ke7 39. Be5 Ne3 40. Rxd7+
Bxd7 41. Rf4 g6 42. Bd4 Nxg4 43. Bc5+ Kd8 44. Bxa7 Ne5 45. Bb6+ Ke7 46. Bc5+
Kd8 47. Bd6 Nd3 48. Rf6 Be8 49. Rxe6 Bf7 50. Rf6 Bxa2 51. Rxg6 h5 52. Rg7 Bd5
53. Kg1 Ke8 54. Re7+ Kd8 55. Rh7 Ne1 56. Rxh5 Bxg2 57. Kf2 Bf3 58. Rh6 Nc2 59.
Kxf3 Nd4+ 60. Ke4 Nb5 61. Kd5 1-0

[Event "Wch Juvenil 2013 sub-14"]
[Site "Al-Ain UAE"]
[Date "2013.12.19"]
[Round "2.8"]
[White "Lorparizangeneh, Shahin"]
[Black "Hoang, Harry"]
[Result "1-0"]
[WhiteElo "2270"]
[BlackElo "1990"]
[PlyCount "115"]
[EventDate "2013.12.19"]
[EventType "swiss"]
[EventRounds "11"]
[EventCountry "UAE"]
[Source "lmi"]
[SourceDate "2013.12.19"]

1. d4 Nf6 2. c4 e6 3. Nc3 Bb4 4. Qc2 O-O 5. Nf3 c5 6. dxc5 Na6 7. g3 Nxc5 8.
Bg2 Nfe4 9. O-O Nxc3 10. bxc3 Ba5 11. Rd1 Bc7 12. e4 Qe7 13. e5 f5 14. exf6
Qxf6 15. Nd4 a6 16. Ba3 d6 17. Nb3 Qe7 18. Qe2 Rb8 19. Qe3 b6 20. Nd4 Bd7 21.
Re1 Rf6 22. Nc6 Bxc6 23. Bxc6 Kh8 24. Re2 Qf7 25. Rae1 Rf8 26. Bg2 Qg6 27. Qd4
Qf7 28. Rf1 Qd7 29. Bc1 Bb8 30. Bg5 Rf5 31. h4 h6 32. Be3 Qf7 33. Bh3 Re5 34.
Bg2 Rf5 35. Rd2 d5 36. Rdd1 Be5 37. Qd2 Ne4 38. Bxe4 dxe4 39. Qe2 Rf3 40. Bd4
Qh5 41. Qxe4 Bc7 42. Be3 R8f7 43. Kg2 Rf8 44. Rfe1 Qf7 45. Re2 Qh5 46. Red2 Qf7
47. c5 b5 48. c6 g5 49. hxg5 hxg5 50. Bc5 Bd6 51. Bxd6 Rxf2+ 52. Rxf2 Qxf2+ 53.
Kh3 g4+ 54. Qxg4 Rf5 55. Be5+ Rxe5 56. Rd8+ Kh7 57. Rd7+ Kh6 58. Qg7+ 1-0

[Event "Wch Juvenil 2013 sub-14"]
[Site "Al-Ain UAE"]
[Date "2013.12.19"]
[Round "2.9"]
[White "Akhgari, Reza"]
[Black "Shtembuliak, Evgeny"]
[Result "1-0"]
[WhiteElo "2000"]
[BlackElo "2263"]
[PlyCount "91"]
[EventDate "2013.12.19"]
[EventType "swiss"]
[EventRounds "11"]
[EventCountry "UAE"]
[Source "lmi"]
[SourceDate "2013.12.19"]

1. d4 Nf6 2. c4 d6 3. Nc3 Bf5 4. f3 e5 5. e4 exd4 6. Qxd4 Be6 7. b3 g6 8. Bb2
Bg7 9. Nge2 O-O 10. Qd2 Nbd7 11. Nd4 a6 12. Be2 Re8 13. O-O-O c5 14. Nc2 b5 15.
cxb5 axb5 16. Bxb5 Qa5 17. Bc6 Ra6 18. Bb5 Ra7 19. Ba4 Rb8 20. Na3 Ra6 21. Bb5
Rab6 22. Nc4 Bxc4 23. bxc4 Qa7 24. Qc2 Ne5 25. Na4 Nxc4 26. Bxc4 Rb4 27. Rxd6
Rxa4 28. Bxf6 Bxf6 29. Rxf6 Rxc4 30. Qxc4 Qa3+ 31. Kd1 Rb1+ 32. Ke2 Rb2+ 33.
Kf1 Rb7 34. g3 Qe3 35. Qd5 Rb1+ 36. Kg2 Rb2+ 37. Kh3 Qh6+ 38. Kg4 Qf8 39. Rd1
h5+ 40. Kg5 Kg7 41. Qe5 Kh7 42. Qxb2 h4 43. gxh4 Qh6+ 44. Kg4 Qh5+ 45. Kh3 g5
46. Qf2 1-0

[Event "Wch Juvenil 2013 sub-14"]
[Site "Al-Ain UAE"]
[Date "2013.12.19"]
[Round "2.9"]
[White "Isakzhanov, Aibek"]
[Black "Boubendir, Hichem"]
[Result "1-0"]
[WhiteElo "1807"]
[BlackElo "1521"]
[PlyCount "53"]
[EventDate "2013.12.19"]
[EventType "swiss"]
[EventRounds "11"]
[EventCountry "UAE"]
[Source "lmi"]
[SourceDate "2013.12.19"]

1. e4 c5 2. d4 cxd4 3. c3 d6 4. cxd4 Nf6 5. Nc3 e6 6. Bc4 Be7 7. Nf3 Nc6 8. O-O
O-O 9. Qe2 Qc7 10. Bf4 e5 11. dxe5 dxe5 12. Bg3 Bg4 13. Rfd1 Bd6 14. Nb5 Nd4
15. Rxd4 Qc5 16. Rxd6 a6 17. Rdd1 axb5 18. Bxb5 Nxe4 19. Qxe4 Bxf3 20. gxf3
Qxb5 21. Qxe5 Qc6 22. Qe4 Qb5 23. b3 Rfe8 24. Qd5 Qe2 25. b4 Ra3 26. Kg2 Ree3
27. Re1 1-0

[Event "Wch Juvenil 2013 sub-14"]
[Site "Al-Ain UAE"]
[Date "2013.12.19"]
[Round "2.10"]
[White "Banik, Siddharth G"]
[Black "Liu, Yan"]
[Result "1/2-1/2"]
[WhiteElo "1978"]
[BlackElo "2256"]
[PlyCount "72"]
[EventDate "2013.12.19"]
[EventType "swiss"]
[EventRounds "11"]
[EventCountry "UAE"]
[Source "lmi"]
[SourceDate "2013.12.19"]

1. e4 c5 2. Nf3 e6 3. d4 cxd4 4. Nxd4 a6 5. Bd3 Nc6 6. Nxc6 bxc6 7. O-O d5 8.
Nd2 Nf6 9. Qe2 Be7 10. b3 O-O 11. Bb2 h6 12. Rad1 a5 13. Kh1 a4 14. e5 Nd7 15.
f4 Nc5 16. Nf3 axb3 17. axb3 Ra2 18. Rb1 Nxd3 19. cxd3 Qb6 20. Qd1 Bd7 21. b4
Rfa8 22. Bd4 Qb5 23. Bc3 R8a3 24. Nd4 Qa6 25. Rb3 c5 26. bxc5 Bxc5 27. Rb8+ Kh7
28. Qc1 Qxd3 29. Bb2 Bxd4 30. Bxa3 Qe2 31. Rg1 Bxg1 32. Bb2 Bd4 33. Qb1+ g6 34.
Rf8 Kg7 35. Qd1 Bc8 36. Qb1 Bd7 1/2-1/2

[Event "Wch Juvenil 2013 sub-14"]
[Site "Al-Ain UAE"]
[Date "2013.12.19"]
[Round "2.10"]
[White "Mukhopadhyay, Srinjay"]
[Black "Jamar, Vadim"]
[Result "0-1"]
[WhiteElo "1336"]
[BlackElo "1803"]
[PlyCount "134"]
[EventDate "2013.12.19"]
[EventType "swiss"]
[EventRounds "11"]
[EventCountry "UAE"]
[Source "lmi"]
[SourceDate "2013.12.19"]

1. e4 c5 2. Nc3 Nc6 3. g3 g6 4. Bg2 Bg7 5. d3 d6 6. Be3 Rb8 7. Qd2 b5 8. a3 a5
9. f4 b4 10. axb4 axb4 11. Nd1 Bb7 12. g4 Nf6 13. h3 Nd7 14. Ne2 Ra8 15. Rxa8
Qxa8 16. O-O O-O 17. f5 Na5 18. fxg6 fxg6 19. Rxf8+ Bxf8 20. Bh6 Bxh6 21. Qxh6
Qf8 22. Qxf8+ Kxf8 23. b3 g5 24. Kf2 Kf7 25. Ng3 e6 26. Ke3 Nc6 27. Nb2 Nb6 28.
Ne2 Ba6 29. Bf3 Kf6 30. d4 cxd4+ 31. Nxd4 Nxd4 32. Kxd4 Bf1 33. Nd3 Bxd3 34.
Kxd3 Ke5 35. Ke3 Nd7 36. Bg2 Nb8 37. Kd3 Nc6 38. Kc4 Kf4 39. Kb5 Nd4+ 40. Kxb4
Nxc2+ 41. Ka5 Ne3 42. Bh1 d5 43. exd5 exd5 44. b4 d4 45. Bc6 Kg3 46. b5 Nc4+
47. Ka6 Kxh3 48. Bd5 Nd6 49. b6 Kxg4 50. Ka5 d3 51. Kb4 d2 52. Bb3 Kf3 53. Kc5
Nb7+ 54. Kc6 Na5+ 55. Kc7 Nxb3 56. b7 d1=Q 57. b8=Q Qc2+ 58. Kd8 Qd3+ 59. Kc8
Qc4+ 60. Kd7 Qd5+ 61. Ke7 Nc5 62. Qf8+ Kg4 63. Qf1 Qe6+ 64. Kf8 Qf5+ 65. Qxf5+
Kxf5 66. Kg7 g4 67. Kxh7 g3 0-1

[Event "Wch Juvenil 2013 sub-14"]
[Site "Al-Ain UAE"]
[Date "2013.12.19"]
[Round "2.11"]
[White "Ooi, Zhi Yang"]
[Black "Ng, Chi Tou"]
[Result "1/2-1/2"]
[WhiteElo "1803"]
[BlackElo "1475"]
[PlyCount "56"]
[EventDate "2013.12.19"]
[EventType "swiss"]
[EventRounds "11"]
[EventCountry "UAE"]
[Source "lmi"]
[SourceDate "2013.12.19"]

1. c4 e5 2. Nc3 Nf6 3. g3 d5 4. cxd5 Nxd5 5. Bg2 Be6 6. Nf3 Nc6 7. O-O Bc5 8.
d3 f6 9. Bd2 O-O 10. a3 Qd7 11. Rc1 Bb6 12. Ne4 Bh3 13. Nc5 Bxc5 14. Rxc5 Bxg2
15. Kxg2 Rad8 16. b4 a6 17. Qc2 Nde7 18. Rc1 Qe6 19. Be3 Rd7 20. Rb1 b6 21. Rc4
Rfd8 22. Rc1 Rd6 23. Qb2 b5 24. R4c2 Nd5 25. Bc5 R6d7 26. Qa2 Qf7 27. Nd2 Nce7
28. e4 Nb6 1/2-1/2

[Event "Wch Juvenil 2013 sub-14"]
[Site "Al-Ain UAE"]
[Date "2013.12.19"]
[Round "2.11"]
[White "Theodorou, Nikolas"]
[Black "Djurhuus, Eivind X"]
[Result "1-0"]
[WhiteElo "2238"]
[BlackElo "1978"]
[PlyCount "57"]
[EventDate "2013.12.19"]
[EventType "swiss"]
[EventRounds "11"]
[EventCountry "UAE"]
[Source "lmi"]
[SourceDate "2013.12.19"]

1. Nf3 c5 2. c4 Nc6 3. Nc3 g6 4. e3 Nf6 5. d4 cxd4 6. exd4 d5 7. cxd5 Nxd5 8.
Qb3 Nxc3 9. Bc4 Nd5 10. Bxd5 e6 11. Bxc6+ bxc6 12. O-O Bg7 13. Bg5 Qd6 14. Qe3
O-O 15. Rac1 Ba6 16. Rfe1 Qb4 17. b3 Qa3 18. Bh6 Bb5 19. Bxg7 Kxg7 20. Qc3 Kg8
21. Ne5 Rfd8 22. Qf3 Rf8 23. Qf6 h5 24. Nxg6 fxg6 25. Qxg6+ Kh8 26. Qh6+ Kg8
27. Rxe6 Bd3 28. Qg5+ Kh8 29. Re7 1-0

[Event "Wch Juvenil 2013 sub-14"]
[Site "Al-Ain UAE"]
[Date "2013.12.19"]
[Round "2.12"]
[White "Fernandez, Michael"]
[Black "Pranav, Vijay"]
[Result "1/2-1/2"]
[WhiteElo "1975"]
[BlackElo "2224"]
[PlyCount "82"]
[EventDate "2013.12.19"]
[EventType "swiss"]
[EventRounds "11"]
[EventCountry "UAE"]
[Source "lmi"]
[SourceDate "2013.12.19"]

1. e4 c6 2. d4 d5 3. Nc3 dxe4 4. Nxe4 Bf5 5. Ng3 Bg6 6. Nf3 Nd7 7. h4 h6 8. h5
Bh7 9. Bd3 Bxd3 10. Qxd3 Qc7 11. Bd2 Ngf6 12. O-O-O O-O-O 13. Qe2 e6 14. Kb1
Bd6 15. Ne4 Nxe4 16. Qxe4 Nf6 17. Qe2 Kb8 18. c4 c5 19. Bc3 cxd4 20. Bxd4 Ka8
21. Ne5 Rhe8 22. b3 Qe7 23. Qe3 Bb8 24. f3 Qc7 25. Bb2 Rxd1+ 26. Rxd1 Rd8 27.
Rxd8 Qxd8 28. g4 Qd1+ 29. Qc1 Qe2 30. Qc2 Qe1+ 31. Qc1 Qg3 32. Qe3 Bxe5 33.
Qxe5 Qxf3 34. Qd6 Qe4+ 35. Kc1 Qh1+ 36. Kc2 Qg2+ 37. Kc1 Qf1+ 38. Kc2 Qf2+ 39.
Kc1 Qe3+ 40. Kc2 Qe4+ 41. Kc1 Qe1+ 1/2-1/2

[Event "Wch Juvenil 2013 sub-14"]
[Site "Al-Ain UAE"]
[Date "2013.12.19"]
[Round "2.13"]
[White "Dai, Changren"]
[Black "Abbas, Daniel"]
[Result "1/2-1/2"]
[WhiteElo "2216"]
[PlyCount "68"]
[EventDate "2013.12.19"]
[EventType "swiss"]
[EventRounds "11"]
[EventCountry "UAE"]
[Source "lmi"]
[SourceDate "2013.12.19"]
[BlackElo "1974"]

1. e4 c5 2. Nf3 e6 3. d4 cxd4 4. Nxd4 a6 5. Nc3 Qc7 6. Be3 Bb4 7. Nde2 Nf6 8.
a3 Be7 9. g3 b5 10. Bg2 Bb7 11. O-O O-O 12. h3 d6 13. f4 Nbd7 14. g4 Nc5 15.
Ng3 d5 16. e5 Nfe4 17. Ngxe4 Nxe4 18. Bxe4 dxe4 19. Qd4 Rac8 20. Rad1 Bxa3 21.
Ne2 Be7 22. c3 Rfd8 23. Qb6 Rd3 24. Qxc7 Rxc7 25. Rxd3 exd3 26. Nc1 b4 27. cxb4
Bxb4 28. Nxd3 Be7 29. Rc1 Rxc1+ 30. Nxc1 Bd5 31. Kf2 Kf8 32. Nd3 Ke8 33. g5 g6
34. Bc5 Bc4 1/2-1/2

[Event "Wch Juvenil 2013 sub-14"]
[Site "Al-Ain UAE"]
[Date "2013.12.19"]
[Round "2.14"]
[White "Agmanov, Zhandos"]
[Black "Dolana, Andrei-Theodor"]
[Result "1/2-1/2"]
[WhiteElo "1972"]
[BlackElo "2210"]
[PlyCount "56"]
[EventDate "2013.12.19"]
[EventType "swiss"]
[EventRounds "11"]
[EventCountry "UAE"]
[Source "lmi"]
[SourceDate "2013.12.19"]

1. e4 c5 2. Nf3 e6 3. d4 cxd4 4. Nxd4 a6 5. Bd3 Qc7 6. O-O Nf6 7. Kh1 d6 8. f4
Nbd7 9. f5 e5 10. Ne2 d5 11. Ng3 Be7 12. exd5 Nxd5 13. Qg4 N7f6 14. Qf3 b5 15.
Ne4 Bb7 16. Bg5 h6 17. Bh4 O-O 18. Bxf6 Nxf6 19. Nxf6+ Bxf6 20. Be4 Bxe4 21.
Qxe4 Rac8 22. Nc3 Qc4 23. Qf3 Rc6 24. Rae1 b4 25. Re4 Qc5 26. Rxb4 Qxb4 27.
Qxc6 Qxb2 28. Ne4 Qb5 1/2-1/2

[Event "Wch Juvenil 2013 sub-14"]
[Site "Al-Ain UAE"]
[Date "2013.12.19"]
[Round "2.15"]
[White "Song, Edward"]
[Black "Bunyatov, Rustam Faiq"]
[Result "1/2-1/2"]
[WhiteElo "2208"]
[BlackElo "1965"]
[PlyCount "73"]
[EventDate "2013.12.19"]
[EventType "swiss"]
[EventRounds "11"]
[EventCountry "UAE"]
[Source "lmi"]
[SourceDate "2013.12.19"]

1. e4 Nf6 2. e5 Nd5 3. d4 d6 4. Nf3 dxe5 5. Nxe5 c6 6. Bd3 g6 7. O-O Bg7 8. Qe2
O-O 9. Rd1 Nd7 10. c4 Nb4 11. Nxd7 Qxd7 12. Be4 Bxd4 13. Nc3 e5 14. Be3 f5 15.
Bf3 Qg7 16. Bxd4 exd4 17. Na4 Na6 18. c5 Nc7 19. Qc4+ Be6 20. Qxd4 Qxd4 21.
Rxd4 Rad8 22. Rb4 Nb5 23. Nc3 a5 24. Ra4 Nxc3 25. bxc3 Rd3 26. Rxa5 Rxc3 27. h3
Rc2 28. a3 Rd8 29. Re1 Kf7 30. Rb1 Rd7 31. Ra7 Rxc5 32. Rbxb7 Rxb7 33. Rxb7+
Kg8 34. Rc7 Rc1+ 35. Kh2 c5 36. a4 Ra1 37. Rxc5 1/2-1/2

[Event "Wch Juvenil 2013 sub-14"]
[Site "Al-Ain UAE"]
[Date "2013.12.19"]
[Round "2.16"]
[White "Zhao, Juncheng"]
[Black "Atabayev, Saparmyrat"]
[Result "0-1"]
[WhiteElo "1963"]
[BlackElo "2203"]
[PlyCount "128"]
[EventDate "2013.12.19"]
[EventType "swiss"]
[EventRounds "11"]
[EventCountry "UAE"]
[Source "lmi"]
[SourceDate "2013.12.19"]

1. e4 c5 2. c3 Nf6 3. e5 Nd5 4. d4 cxd4 5. Nf3 Nc6 6. cxd4 d6 7. Bc4 Nb6 8. Bb5
e6 9. O-O Be7 10. Nc3 O-O 11. Be3 Nb4 12. exd6 Bxd6 13. Ne4 Be7 14. a3 N4d5 15.
Ne5 f6 16. Nf3 Bd7 17. Bd3 Rc8 18. Bd2 Nc4 19. Qb3 Nxd2 20. Nexd2 Qb6 21. Bc4
Qxb3 22. Bxb3 g5 23. Rfe1 Kf7 24. Re4 h5 25. Rae1 Rfe8 26. Nc4 Bf8 27. Ne3 Nxe3
28. R4xe3 g4 29. Nd2 Bh6 30. Ne4 Ke7 31. Rc3 f5 32. Rxc8 Bxc8 33. Ng3 Kd8 34.
Nxh5 Re7 35. Ng3 Bg7 36. Rd1 Rc7 37. Ne2 Ke7 38. Nf4 Bh6 39. Nd3 Kd6 40. Ne5 b5
41. Nd3 a5 42. a4 bxa4 43. Bxa4 Rc4 44. Ne5 Rxa4 45. Nf7+ Kd5 46. Nxh6 Ra2 47.
h4 gxh3 48. gxh3 a4 49. Ng8 Bb7 50. Nf6+ Kc4 51. Nd7 Rxb2 52. Ra1 Rb4 53. h4
Kxd4 54. h5 Kc3 55. Nc5 Bc6 56. f3 Rh4 57. Kg2 Kb2 58. Re1 a3 59. Rxe6 a2 60.
Nd3+ Ka3 61. Re1 Bb5 62. Kg3 Rxh5 63. Nf4 Rg5+ 64. Kh4 Rg8 0-1

[Event "Wch Juvenil 2013 sub-14"]
[Site "Al-Ain UAE"]
[Date "2013.12.19"]
[Round "2.17"]
[White "Gokerkan, Cem Kaan"]
[Black "Mesaros, Florian"]
[Result "1-0"]
[WhiteElo "1960"]
[BlackElo "2196"]
[PlyCount "97"]
[EventDate "2013.12.19"]
[EventType "swiss"]
[EventRounds "11"]
[EventCountry "UAE"]
[Source "lmi"]
[SourceDate "2013.12.19"]

1. e4 c5 2. c3 d5 3. exd5 Qxd5 4. d4 Nf6 5. Nf3 e6 6. Bd3 Be7 7. O-O O-O 8. Na3
cxd4 9. Nb5 Qd8 10. Nbxd4 b6 11. Qe2 Bb7 12. Re1 Nc6 13. Ba6 Qc8 14. Bxb7 Qxb7
15. Nxc6 Qxc6 16. Bg5 Rad8 17. Ne5 Qc5 18. Rad1 Rd5 19. Bxf6 Bxf6 20. Nd7 Qd6
21. Rxd5 Qxd5 22. Nxf8 Kxf8 23. a3 g6 24. Rd1 Qc6 25. Qf3 Qxf3 26. gxf3 Ke7 27.
Kf1 Be5 28. h3 g5 29. Ke2 h5 30. Kd3 Bd6 31. a4 Kd7 32. Kc4 Kc6 33. b4 Be7 34.
Rd2 Bd6 35. Rd4 Be7 36. f4 g4 37. hxg4 hxg4 38. f5 exf5 39. Rf4 Bg5 40. Rxf5 f6
41. a5 Kd6 42. axb6 axb6 43. Rd5+ Kc6 44. b5+ Kc7 45. Rd4 Bh4 46. Rxg4 Bxf2 47.
Rf4 Bg3 48. Rxf6 Be1 49. Kd5 1-0

[Event "Wch Juvenil 2013 sub-14"]
[Site "Al-Ain UAE"]
[Date "2013.12.19"]
[Round "2.18"]
[White "Zayan, Mohamed"]
[Black "Viswanadha, Kesav"]
[Result "1/2-1/2"]
[WhiteElo "1939"]
[BlackElo "2169"]
[PlyCount "75"]
[EventDate "2013.12.19"]
[EventType "swiss"]
[EventRounds "11"]
[EventCountry "UAE"]
[Source "lmi"]
[SourceDate "2013.12.19"]

1. e4 c5 2. Nf3 d6 3. d4 cxd4 4. Nxd4 Nf6 5. f3 e5 6. Bb5+ Bd7 7. Bxd7+ Qxd7 8.
Nf5 d5 9. Bg5 dxe4 10. Bxf6 Qxd1+ 11. Kxd1 gxf6 12. fxe4 Na6 13. Nd2 Nc5 14.
Ke2 O-O-O 15. Rad1 h5 16. Kf3 Ne6 17. Nb3 Rxd1 18. Rxd1 Kc7 19. h4 Bc5 20. Nxc5
Nxc5 21. b4 Ne6 22. g4 hxg4+ 23. Kxg4 Nf4 24. Ne7 Ng2 25. Nd5+ Kc6 26. Rh1 f5+
27. Kxf5 Nxh4+ 28. Kf6 Kb5 29. Kxf7 Rh6 30. Nf6 Kxb4 31. Rb1+ Kc3 32. Rxb7 Kxc2
33. Rxa7 Nf3 34. Rd7 Ng5+ 35. Kg7 Rh4 36. Rd5 Nxe4 37. Rxe5 Ng5 38. Rd5 1/2-1/2